00712nam 22002053 4500001000700000090001100007100004100018200004000059210003700099215003400136225002400170300005600194606002900250675002500279700004200304801001800346830002900364990001100393995010200404202090 a202090 a20231024d u||y0pory50 ba aApelo da noitefVergílio Ferreira aLisboacPortugália dimp. 1963 a258, [22] p.cbrochadod20 cm aContemporâneaf45 aContém dedicatória na folha de guarda Romance  aLiteratura Portuguesa96 a821.134.3-3vPTzpor 91045aFerreirabVergíliof1916-1996 aPTbBMMNgRPC cAna FalardofAna Falardo cLIVROS 002052026-05-08931786bBMMNf31506k821.134.3-3 FER|SAFo0rLIVROSuAcesso CondicionadosOferta